00526nam a2200169 a 450000100100000000500170001000800410002704000250006808200160009310000200010924500440012926000470017330000360022049000350025650400300029183000350032100003677520200930075929.0120131s2004 sp 000 0 spa d aDO-SdBNPbspacBNPHU axxxxbP181a1 aPalol, Pedro de10aArte paleocristiano. /cPedro de Palol. aBarcelona :bEdiciones Poligrafa,c[19uu]? a377 p. :bils., retr. ;c27 cm.1 aBiblioteca de arte hispánico aBibliografía: p.362-377 0aBiblioteca de arte hispánico